000 00530nam a2200145 4500
999 _c107359
_d107359
005 20180906101517.0
008 180906b ||||| |||| 00| 0 eng d
040 _cPK-LaUMT
082 _a220
_bHOL-
245 _aThe Holy Bible containing the old and new testaments :
_btranslated out of the original tongues; and with tye former translations diligently compared and revised, by His Majesty's special command /
260 _aCambridge :
_bThe University Press,
_c1847
300 _a1014 p.
650 _aHoly Bible
942 _cBK